01011cam a2200229 4500001001300000003000400013005001700017008004100034010002300075040004500098050002500143245005900168260002900227300004400256490005700300500016600357650005700523650004100580650004200621710005700663830006100720gs 68000303 DLC20260227111423.0690708s1967 aluab 000 0 eng c ags 68000303 //r933 aU.S. Geological Survey LibrarycDLCdDLC10aGB1025b.A2A3 no. 3600aMineral and water resources,bButler County, Alabama. 0 aUniversity, Ala.,c1967. a37 p.billus., maps (part col.)c28 cm.1 aAlabama. Geological Survey. Information series ;v36 aPrepared cooperatively by the U.S. Geological Survey, Water Resources Division, U.S. Bureau of Mines, and the Geological Survey and Oil and Gas Board of Alabama. 0aMines and mineral resourceszAlabamazButler County. 0aGroundwaterzAlabamazButler County. 0aWater-supplyzAlabamazButler County.20aGeological Survey (U.S.).bWater Resources Division. 0aInformation series (Geological Survey of Alabama) ;v36.